Historical Figures on Star Trek Quiz Stats

 Plays Quiz Updated Jul 23, 2016

Score 0/15 Timer 03:00
0 Plays Today
% Correct
Abraham Lincoln
99.5%
Albert Einstein
97.8%
Stephen Hawking
91.4%
Mahatma Gandhi
91%
Genghis Khan
83.2%
Mark Twain
78.5%
Leonardo da Vinci
55.7%
Socrates
53.6%
% Correct
Isaac Newton
46.8%
Sigmund Freud
43.3%
Amelia Earhart
36.3%
Wyatt Earp
26.9%
Doc Holliday
21.6%
Jack London
10.2%
Lord Byron
6.4%

You're not logged in!

Compare scores with friends on all Sporcle quizzes.
OR
Log In

You Might Also Like...

Show Comments

Extras

Top Quizzes Today


Score Distribution

Your Account Isn't Verified!

In order to create a playlist on Sporcle, you need to verify the email address you used during registration. Go to your Sporcle Settings to finish the process.

Report this User

Report this user for behavior that violates our Community Guidelines.

Details: